Κατάλογος Βιβλιοθηκών Mediterranean College

Children Who Commit Acts of Serious Interpersonal Violence / Messages for Best Practice (Record no. 9735)

MARC details
000 -LEADER
fixed length control field 02059cam a22002174a 4500
005 - ΗΜΕΡΟΜΗΝΙΑ ΚΑΙ ΩΡΑ ΤΕΛΕΥΤΑΙΑΣ ΕΝΗΜΕΡΩΣΗΣ
Πεδίο ελέγχου 20250605164408.0
008 - FIXED-LENGTH DATA ELEMENTS--GENERAL INFORMATION
Πεδίο ελέγχου σταθερού μήκους 250528s ||||||||||||||||||||||||d
035 ## - SYSTEM CONTROL NUMBER
System control number 24900
020 ## - ISBN
ISBN 9781843103844
040 ## - ΠΗΓΗ ΚΑΤΑΛΟΓΟΓΡΑΦΗΣΗΣ
Φορέας πρωτότυπης καταλογογράφησης MC Athens Campus Library
Γλώσσα καταλογογράφησης Ελληνικά, Μοντέρνα (1453-)
Modifying agency MC Athens Campus Library
Κανόνες περιγραφικής καταλογογράφησης AACR2
245 1# - ΤΙΤΛΟΣ ΚΑΙ ΔΗΛΩΣΗ ΥΠΕΥΘΥΝΟΤΗΤΑΣ
Τίτλος Children Who Commit Acts of Serious Interpersonal Violence / Messages for Best Practice
260 ## - PUBLICATION, DISTRIBUTION, ETC.
Name of publisher, distributor, etc. Jessica Kingsley Publishers,
Date of publication, distribution, etc. 2006
300 ## - PHYSICAL DESCRIPTION
Extent 256
520 ## - SUMMARY, ETC.
Summary, etc. This book explores risk management and successful intervention for children in public care who have committed, or are at risk of committing, acts of serious violence. Acknowledgements, Foreword, Introduction and Context, Difficult to Place Children: Key Characteristics and Challenges and Opportunities, Risk Factors for Serious and Violent Antisocial Behaviour in Children and Youth, Children with Sexually Abusive Behaviour - A Special Subgroup, Minors Involved in Murder and Manslaughter: An Exploration of the Situation in the Netherlands, Outcomes and Practical Considerations, The Placement and Care and Treatment of Children and Young People who Commit Serious Acts of Interpersonal Violence or Sexual Offences, Implications of Different Residential Treatments for Young People Who Commit Serious Crimes, Hard to Place Children and Young People: A Commentary on Past and Present and Future Approaches to Care and Treatment, Challenges to Meeting the Needs of These Children Effectively: An Overview of an International Research Study in Germany and Greece and England and Wales, Working with Violent Children in German Young Services: Results of a Survey, Children Who Commit Serious Acts of Interpersonal Violence: A Field Study in Greece, Dealing with the Children Who are Hardest to Place: Results of a Survey of Childcare Agencies in England, Conclusions: Messages for Good Practice, Appendices: Brief Commentaries, Subject and Author Index.
700 1# - ΠΡΟΣΘΕΤΗ ΑΝΑΓΡΑΦΗ--ΦΥΣΙΚΟ ΠΡΟΣΩΠΟ
Personal name Bruce Florence
9 (RLIN) 9651
700 1# - ΠΡΟΣΘΕΤΗ ΑΝΑΓΡΑΦΗ--ΦΥΣΙΚΟ ΠΡΟΣΩΠΟ
Personal name Hagell Ann
9 (RLIN) 9652
700 1# - ΠΡΟΣΘΕΤΗ ΑΝΑΓΡΑΦΗ--ΦΥΣΙΚΟ ΠΡΟΣΩΠΟ
Personal name Jeyarajah-Dent Renuka
9 (RLIN) 9653
942 ## - ADDED ENTRY ELEMENTS (KOHA)
Koha item type Books
Holdings
Τύπος τεκμηρίου Βιβλιοθήκη Τρέχουσα τοποθεσία Barcode Αριθμός εισαγωγής Ημερομηνία απόκτησης Ταξιθετικό σύμβολο Αριθμός αντιτύπου Κατάσταση απόσυρσης Κατάσταση χαμένου Κατάσταση κατεστραμμένου Μη δανεισμός Σύνολο δανεισμών Σύνολο ανανεώσεων Ημερομηνία τελευταίας εμφάνισης Χρονολογία τελευταίου δανεισμού Η τιμή ισχύει από
Books MC Athens Campus Library MC Athens Campus Library 9780000097347 7844 05/06/2025 364.36 HAG 1         1 2 10/11/2025 20/10/2025 05/06/2025

MC Athens Campus Library
Πατησίων 94 & Κοδριγκτώνος 13, 104 34
Πελλήνης 8 & Πατησίων 107, 112 51
Τ: +30 210 8899600

MC Thessaloniki Campus Library
Ίωνος Δραγούμη 21, 54625 | Ίωνος Δραγούμη 15, 54625
Τ: +30 2310 287779 – Τ: +30 2314 440300